| 000 | 02128cam a22005174i 4500 | ||
|---|---|---|---|
| 003 | PE-LiUPU | ||
| 005 | 20250731173028.0 | ||
| 008 | 17073 s2012 mau rb 001 0 eng d | ||
| 020 | _a9004234268 | ||
| 020 | _a9789004234260 | ||
| 035 | _a(Sirsi) a237849 | ||
| 040 |
_aPE-LiUPU _bspa _cPE-LiUPU _erda |
||
| 049 | _aPRUA | ||
| 082 | 0 | 4 |
_a296.1609 _bK6 _223 |
| 245 | 0 | 0 |
_aKnowledge of God and the development of early Kabbalah / _cby Jonathan Dauber. |
| 264 | 1 |
_aLeiden ; _aBoston : _bBrill, _c2012. |
|
| 300 |
_a275 páginas ; _c25 centimetros. |
||
| 336 |
_atext _2rdacontent |
||
| 337 |
_aunmediated _2rdamedia |
||
| 338 |
_avolume _2rdacarrier |
||
| 490 | 0 |
_aSupplements to the Journal of Jewish thought and philosophy, _x1873-9008 ; _v18 |
|
| 504 | _aBibliografía : páginas 253-268. | ||
| 504 | _aÍndices: páginas 269-275. | ||
| 505 | 0 | _aChap. 1. Creativity in the first kabbalistic writings -- Chap. 2. The philosophic ethos -- Chap. 3. Investigating God in rabbinic and later Jewish literature -- Chap. 4. The philosophic ethos in the writings of the first kabbalists -- Chap. 5. Investigating God in Sefer ha-Bahir -- Chap. 6. The philosophic ethos in the writings of Nahmanides. | |
| 526 | _aSEG42 | ||
| 526 | _aSEG41 | ||
| 526 | _aSEG40 | ||
| 526 | _aSEG39 | ||
| 526 | _aP94 | ||
| 526 | _aP87 | ||
| 526 | _aP86 | ||
| 526 | _aP85 | ||
| 526 | _aP77 | ||
| 526 | _aP76 | ||
| 526 | _aP35 | ||
| 650 | 0 |
_aCabala _xHistoria. |
|
| 650 | 0 | _aDios (judaísmo). | |
| 650 | 0 | _aFilosofía judía. | |
| 910 |
_ajck _bjvq _cjpc _d2017073 |
||
| 942 |
_2ddc _cBOOK |
||
| 949 |
_a296.1609 K6 _wDEWEY _c1 _i76422 _lCATALOGING _mBUL _p99.00 _r0 _sY _tBOOK _u2017-07-3 _xTEOLOGÍA _zTEOLOGÍA _0COMPRA _o.CIRCNOTE. El documento es de alto precio. _o.STAFF. Colección Teología |
||
| 994 |
_aC0 _bPEPRU |
||
| 596 | _a1 | ||
| 999 |
_a296.1609 K6 _wDEWEY _c24548 _i76422 _d24548 _e2018-9-28 _f2021-11-11 _g4 _lCCODEBUL1 _mBUL _n1 _p99.00 _r0 _sY _tBOOK _u2017-7-3 _xTEOLOGIA _PP35 _0DONACION _o.STAFF. Colección Teología |
||
| 980 |
_81 _gALBERTO SANCHEZ Responsable de Automatización |
||